000
00245 a2200085 4500
020
_a
9780199468096
100
_a
Pratyush Shankar
245
_a
History of Urban Form of India From Beginning till 1900’s
260
_b
Oxford University Press, USA
_c
2024
999
_c
13187
_d
13187